[Event "ODJM A 2017"]
[Site "Willingen GER"]
[Date "2017.06.04"]
[Round "1"]
[White "Troyke, Jannis"]
[Black "Bilecen, Simon"]
[Result "1/2-1/2"]
[Termination "normal"]
[Board "54"]
[WhiteElo "1896"]
[BlackElo "1557"]
[PlyCount "106"]
[WhiteFideId "12993115"]
[BlackFideId "16225511"]
[EventCountry "GER"]
[EventRounds "9"]
[EventType "swiss"]
[EventDate "2017.06.03"]

1. e4 c5 2. Nf3 d6 3. d4 cxd4 4. Nxd4 Nf6 5. Nc3 a6 6. f3 g6 7. Be3 Bg7 8. Qd2
O-O 9. Bh6 Qb6 10. Bxg7 Kxg7 11. O-O-O Nc6 12. g4 Nxd4 13. Qxd4 Qxd4 14. Rxd4
Be6 15. Nd5 Bxd5 16. exd5 g5 17. Bd3 Nd7 18. h4 gxh4 19. Rxh4 Rh8 20. f4 Nc5
21. Be2 Rac8 22. b4 Na4 23. Bd3 Nc3 24. Kb2 b5 25. Rh3 Na4+ 26. Kb1 Nc3+ 27.
Ka1 h6 28. Bf5 Rc7 29. Rd2 Ra8 30. g5 hxg5 31. fxg5 Rh8 32. Rxh8 Kxh8 33. Kb2
Na4+ 34. Kc1 Rc4 35. a3 Rc3 36. Rd3 Rxd3 37. cxd3 Nc3 38. g6 fxg6 39. Bxg6 Nxd5
40. Be4 Nc7 41. Kd2 d5 42. Bg2 e5 43. Ke3 Kg7 44. Bh3 Kf6 45. Kf3 Ne6 46. Bg4
Nd4+ 47. Ke3 Nc2+ 48. Kd2 Nxa3 49. Bc8 e4 50. Bxa6 e3+ 51. Kxe3 Nc2+ 52. Kd2
Nxb4 53. Bxb5 Nxd3 1/2-1/2

[Event "ODJM A 2017"]
[Site "Willingen GER"]
[Date "2017.06.04"]
[Round "1"]
[White "Stockter, Jasper Enno"]
[Black "Wissing, Philipp"]
[Result "0-1"]
[Termination "normal"]
[Board "55"]
[WhiteElo "1559"]
[BlackElo "1749"]
[PlyCount "82"]
[WhiteFideId "12957291"]
[BlackFideId "12993654"]
[EventCountry "GER"]
[EventRounds "9"]
[EventType "swiss"]
[EventDate "2017.06.03"]

1. e4 Nf6 2. e5 Nd5 3. Nf3 d6 4. d4 Nc6 5. Bc4 e6 6. Qe2 Nb6 7. exd6 Bxd6 8. c3
Nxc4 9. Qxc4 O-O 10. O-O h6 11. Nbd2 Be7 12. Ne4 Qd5 13. Qxd5 exd5 14. Ng3 Bd6
15. Re1 f6 16. Nh5 g5 17. h3 Kf7 18. g4 Kg6 19. Ng3 Bd7 20. Kg2 Rae8 21. Bd2
Nd8 22. b3 Ne6 23. Nf5 Bf4 24. h4 Bxd2 25. h5+ Kh7 26. Nxd2 Nf4+ 27. Kf3 Bxf5
28. gxf5 Nxh5 29. c4 c6 30. cxd5 cxd5 31. Rac1 Rxe1 32. Rxe1 Rf7 33. Re8 Rd7
34. b4 Ng7 35. Rf8 Nxf5 36. Rxf6 Nxd4+ 37. Kg4 Kg7 38. Rf3 Nxf3 39. Nxf3 d4 40.
Ne5 d3 41. Nxd7 d2 0-1

[Event "ODJM A 2017"]
[Site "Willingen GER"]
[Date "2017.06.04"]
[Round "1"]
[White "Grund, Sebastian"]
[Black "Böhlemann, Christian"]
[Result "1-0"]
[Termination "normal"]
[Board "56"]
[WhiteElo "1840"]
[BlackElo "1565"]
[PlyCount "51"]
[WhiteFideId "12988626"]
[BlackFideId "16245326"]
[EventCountry "GER"]
[EventRounds "9"]
[EventType "swiss"]
[EventDate "2017.06.03"]

1. d4 d5 2. Nf3 Nf6 3. c4 c6 4. g3 Bf5 5. Bg2 e6 6. O-O Be7 7. Nc3 h6 8. Re1
O-O 9. Ne5 Nbd7 10. Qb3 Qb6 11. Nxd7 Qxb3 12. Nxf6+ Bxf6 13. axb3 Bxd4 14. e4
dxe4 15. Bxe4 Bxe4 16. Nxe4 Rfd8 17. Be3 b6 18. Bxd4 Rxd4 19. Rad1 Rad8 20.
Rxd4 Rxd4 21. Nc3 Kf8 22. Kg2 Ke7 23. Kf3 Kd6 24. Ke3 Rg4 25. h3 Rg5 26. Ne4+
1-0

[Event "ODJM A 2017"]
[Site "Willingen GER"]
[Date "2017.06.04"]
[Round "1"]
[White "Kistner, Sinan"]
[Black "Köllner, Felicitas Ophelia"]
[Result "0-1"]
[Termination "normal"]
[Board "57"]
[WhiteElo "1560"]
[BlackElo "1698"]
[PlyCount "82"]
[WhiteFideId "16219643"]
[BlackFideId "16207521"]
[EventCountry "GER"]
[EventRounds "9"]
[EventType "swiss"]
[EventDate "2017.06.03"]

1. c4 e5 2. Nc3 a6 3. Nf3 Nc6 4. d4 exd4 5. Nxd4 Bc5 6. Nb3 Be7 7. Nd5 Nf6 8.
Bf4 d6 9. Nxe7 Qxe7 10. e3 O-O 11. Be2 Bf5 12. Nd4 Nxd4 13. Qxd4 h6 14. O-O
Rad8 15. b4 Rfe8 16. Rfd1 Bg6 17. Bf3 Be4 18. Bxe4 Qxe4 19. Rac1 Qxd4 20. Rxd4
Nh5 21. Rcd1 Nxf4 22. Rxf4 c5 23. a3 b5 24. cxb5 axb5 25. h4 g6 26. Rc1 c4 27.
Rd4 Re7 28. Rd2 Ra7 29. Ra2 d5 30. Kf1 d4 31. Rd2 d3 32. Rc3 Kg7 33. Ke1 Kf6
34. g4 Ke5 35. f4+ Ke4 36. Kf2 Re8 37. Rd1 Kd5 38. Rcc1 Rxa3 39. Ra1 Rea8 40.
Rab1 Ke4 41. Re1 c3 0-1

[Event "ODJM A 2017"]
[Site "Willingen GER"]
[Date "2017.06.04"]
[Round "1"]
[White "Askri, Samir"]
[Black "Leimbach, Tim Vincent"]
[Result "1/2-1/2"]
[Termination "normal"]
[Board "58"]
[WhiteElo "1796"]
[BlackElo "1640"]
[PlyCount "91"]
[WhiteFideId "12924938"]
[BlackFideId "12988600"]
[EventCountry "GER"]
[EventRounds "9"]
[EventType "swiss"]
[EventDate "2017.06.03"]

1. d4 Nf6 2. Nf3 e6 3. c4 Bb4+ 4. Bd2 c5 5. e3 O-O 6. Bd3 b6 7. a3 Bxd2+ 8.
Nbxd2 cxd4 9. exd4 Bb7 10. O-O d6 11. b4 Nbd7 12. Rc1 Re8 13. Re1 Rc8 14. Qb3
Ba8 15. Ng5 h6 16. Nge4 Nxe4 17. Nxe4 Nf6 18. c5 Nxe4 19. Bxe4 Bxe4 20. Rxe4
dxc5 21. dxc5 bxc5 22. bxc5 Qb6 23. Qe3 Qc6 24. Rg4 Kh8 25. Qe5 f6 26. Qe3 Red8
27. Re4 e5 28. h3 Rd5 29. Rec4 Kg8 30. Qb3 Kf8 31. Qb4 Kf7 32. a4 Rc7 33. Qc3
Rcd7 34. Qe3 Rd4 35. Qb3 Qd5 36. Rxd4 exd4 37. Qxd5+ Rxd5 38. c6 Rd8 39. c7 Rc8
40. Kf1 Ke7 41. Ke2 Kd7 42. Kd3 Rxc7 43. Rxc7+ Kxc7 44. Kxd4 Kd6 45. f4 g6 46.
a5 1/2-1/2

[Event "ODJM A 2017"]
[Site "Willingen GER"]
[Date "2017.06.04"]
[Round "1"]
[White "Grozea, Filip"]
[Black "Baumann, Marcel"]
[Result "1/2-1/2"]
[Termination "normal"]
[Board "59"]
[WhiteElo "1582"]
[BlackElo "1712"]
[PlyCount "61"]
[WhiteFideId "12958450"]
[BlackFideId "12974668"]
[EventCountry "GER"]
[EventRounds "9"]
[EventType "swiss"]
[EventDate "2017.06.03"]

1. e4 d5 2. exd5 Qxd5 3. Nc3 Qd6 4. Bc4 Nf6 5. d3 a6 6. h3 b5 7. Bb3 Bb7 8. Nf3
e6 9. Bg5 Nbd7 10. Bh4 Be7 11. Bg3 Qb6 12. O-O O-O 13. a4 b4 14. a5 Qa7 15. Na4
Rfd8 16. Nd2 Rac8 17. Nc4 Nc5 18. Nxc5 Bxc5 19. Qe2 Qa8 20. Ne3 Bd4 21. Ra2 Nd5
22. Rc1 Bc5 23. c3 Nxe3 24. fxe3 bxc3 25. bxc3 Bxg2 26. d4 Bf3 27. Qf2 Be7 28.
Rf1 Bh5 29. Be5 c5 30. Qg3 Bf8 31. Bxe6 1/2-1/2

[Event "ODJM A 2017"]
[Site "Willingen GER"]
[Date "2017.06.04"]
[Round "1"]
[White "Oberhofer, Marie"]
[Black "Grunert, Wilhelm"]
[Result "1-0"]
[Termination "normal"]
[Board "60"]
[WhiteElo "1599"]
[BlackElo "1584"]
[PlyCount "33"]
[WhiteFideId "12938165"]
[BlackFideId "12995673"]
[EventCountry "GER"]
[EventRounds "9"]
[EventType "swiss"]
[EventDate "2017.06.03"]

1. e4 c5 2. Nf3 Nc6 3. d4 cxd4 4. Nxd4 g6 5. Nc3 Bg7 6. Be3 Nf6 7. Nxc6 bxc6 8.
e5 Ng8 9. f4 d6 10. Qf3 Bb7 11. O-O-O Qc7 12. Bc4 c5 13. Qf2 Nh6 14. Nb5 Qb6
15. exd6 a6 16. Bxc5 Qc6 17. d7+ 1-0

[Event "ODJM A 2017"]
[Site "Willingen GER"]
[Date "2017.06.04"]
[Round "1"]
[White "Graf, Maria"]
[Black "Niemann, Leon"]
[Result "0-1"]
[Termination "normal"]
[Board "63"]
[WhiteElo "1546"]
[BlackElo "1567"]
[PlyCount "62"]
[WhiteFideId "12917702"]
[BlackFideId "16218388"]
[EventCountry "GER"]
[EventRounds "9"]
[EventType "swiss"]
[EventDate "2017.06.03"]

1. d4 Nf6 2. Nf3 g6 3. Bg5 Bg7 4. e3 O-O 5. Bd3 d6 6. Nbd2 Nbd7 7. O-O e5 8.
dxe5 dxe5 9. Ne4 Qe8 10. Nfd2 Kh8 11. Bb5 Nxe4 12. Nxe4 f5 13. Nc3 c6 14. Bc4
h6 15. Bh4 g5 16. Bg3 f4 17. exf4 exf4 18. Re1 Ne5 19. Bb3 fxg3 20. hxg3 Qg6
21. Ne4 Bf5 22. Nc5 b6 23. Na6 Rad8 24. Qe2 Bg4 25. f3 Bxf3 26. gxf3 Nxf3+ 27.
Kg2 Nxe1+ 28. Rxe1 c5 29. Ba4 Rd4 30. Bb5 Rfd8 31. Kh2 Rd2 0-1

[Event "ODJM A 2017"]
[Site "Willingen GER"]
[Date "2017.06.04"]
[Round "1"]
[White "Brockmeyer, Tobias"]
[Black "Meyer, Nico"]
[Result "1-0"]
[Termination "normal"]
[Board "64"]
[WhiteElo "1586"]
[BlackElo "1552"]
[PlyCount "79"]
[WhiteFideId "12982385"]
[BlackFideId "12975257"]
[EventCountry "GER"]
[EventRounds "9"]
[EventType "swiss"]
[EventDate "2017.06.03"]

1. d4 d5 2. c4 e6 3. Nc3 c6 4. e3 Nf6 5. Nf3 Be7 6. Qc2 Nbd7 7. b3 b6 8. Bd3
Bb7 9. e4 dxe4 10. Nxe4 c5 11. O-O cxd4 12. Nxd4 Ne5 13. Nxf6+ Bxf6 14. Bb2
Nxd3 15. Qxd3 Qd7 16. Rad1 O-O-O 17. Qe2 Bxd4 18. Rxd4 Qc6 19. Rg4 Rhg8 20.
Bxg7 f5 21. Rg3 f4 22. Rg4 h5 23. Rg5 Rd7 24. Qe5 Rf7 25. f3 Qd7 26. Bf6 Rgf8
27. Rg6 Qc6 28. Bh4 Re8 29. Re1 Rf5 30. Qd4 Kb8 31. Rf6 Ra5 32. Qxf4+ Ka8 33.
a4 Qc5+ 34. Qe3 Qb4 35. Rxe6 Rc8 36. Re8 Qd6 37. Rxc8+ Bxc8 38. Qe4+ Bb7 39.
Qe8+ Qb8 40. Bg3 1-0

[Event "ODJM A 2017"]
[Site "Willingen GER"]
[Date "2017.06.04"]
[Round "1"]
[White "Pahl, Theis"]
[Black "Nimptsch, Nikolas"]
[Result "1-0"]
[Termination "normal"]
[Board "66"]
[WhiteElo "1664"]
[BlackElo "1536"]
[PlyCount "69"]
[WhiteFideId "16201264"]
[BlackFideId "16245334"]
[EventCountry "GER"]
[EventRounds "9"]
[EventType "swiss"]
[EventDate "2017.06.03"]

1. e4 c5 2. Nf3 g6 3. d4 cxd4 4. Nxd4 Bg7 5. Be3 Nc6 6. Nc3 Nf6 7. Bc4 Qa5 8.
O-O d6 9. h3 O-O 10. Bb3 Bd7 11. f4 Nxd4 12. Bxd4 Bc6 13. Qd3 e5 14. Be3 Rfd8
15. Rad1 exf4 16. Bxf4 Ne8 17. Kh1 Rd7 18. Qc4 Bxc3 19. bxc3 Bb5 20. Qd5 Nf6
21. Qd4 Ne8 22. Rf2 Rc8 23. c4 Ba4 24. Rdf1 Rcc7 25. Bc1 Bxb3 26. cxb3 Qc5 27.
Qc3 Qe5 28. Qd3 Re7 29. Re2 Qc5 30. Bb2 Ng7 31. Ref2 a6 32. Rf4 Nh5 33. Rf5
gxf5 34. Rxf5 Ng3+ 35. Qxg3+ 1-0

[Event "ODJM A 2017"]
[Site "Willingen GER"]
[Date "2017.06.04"]
[Round "1"]
[White "Werner, Tom"]
[Black "Lohrmann, Tabea"]
[Result "0-1"]
[Termination "normal"]
[Board "67"]
[WhiteElo "1593"]
[BlackElo "1729"]
[PlyCount "132"]
[WhiteFideId "16223756"]
[BlackFideId "12911941"]
[EventCountry "GER"]
[EventRounds "9"]
[EventType "swiss"]
[EventDate "2017.06.03"]

1. c4 c5 2. Nc3 Nf6 3. Nf3 d5 4. cxd5 Nxd5 5. g3 Nc6 6. Bg2 Nc7 7. d3 e5 8. O-O
Be7 9. b3 O-O 10. Bb2 f6 11. Rc1 Be6 12. Nd2 Qd7 13. Nce4 b6 14. Nc4 Nd5 15.
Nc3 Rad8 16. Qd2 Nd4 17. Nxd5 Bxd5 18. Bxd4 Bxg2 19. Kxg2 Qxd4 20. Qc3 Qd5+ 21.
Kg1 e4 22. Rcd1 f5 23. Ne3 Qb7 24. Qc4+ Kh8 25. dxe4 Qxe4 26. Qxe4 fxe4 27.
Rxd8 Rxd8 28. Rd1 Rd4 29. Rxd4 cxd4 30. Nf5 Bc5 31. b4 Bxb4 32. Nxd4 a5 33. Kf1
g6 34. Ne6 h6 35. e3 Kg8 36. Nf4 Kf7 37. Nd5 Ke6 38. Nxb6 Kd6 39. a3 Bc3 40.
Na4 Bf6 41. Ke1 Kd5 42. Nb6+ Kc6 43. Nc4 Kc5 44. Nd2 Bc3 45. Kd1 Bxd2 46. Kxd2
Kc4 47. Kc2 h5 48. f4 exf3 49. Kd2 g5 50. h3 a4 51. g4 h4 52. e4 Kd4 53. e5 f2
54. Ke2 Kxe5 55. Kxf2 Kd4 56. Ke2 Kc3 57. Kd1 Kd3 58. Ke1 Ke3 59. Kd1 Kf3 60.
Kd2 Kf4 61. Ke2 Kg3 62. Ke3 Kg2 63. Ke2 Kxh3 64. Kf3 Kh2 65. Kf2 h3 66. Kf3 Kg1
0-1

[Event "ODJM A 2017"]
[Site "Willingen GER"]
[Date "2017.06.04"]
[Round "1"]
[White "Thumm, Niklas"]
[Black "Silini, Jalel"]
[Result "1-0"]
[Termination "normal"]
[Board "68"]
[WhiteElo "1772"]
[BlackElo "1581"]
[PlyCount "31"]
[WhiteFideId "12918733"]
[BlackFideId "16215397"]
[EventCountry "GER"]
[EventRounds "9"]
[EventType "swiss"]
[EventDate "2017.06.03"]

1. e4 e5 2. Nf3 Nc6 3. Bc4 Bc5 4. c3 Nf6 5. d4 exd4 6. cxd4 Bb4+ 7. Bd2 Nxe4 8.
Bxb4 Nxb4 9. Bxf7+ Kxf7 10. Qb3+ Ke8 11. Qxb4 d6 12. O-O Kf7 13. Qb3+ d5 14.
Ne5+ Ke6 15. Re1 Kd6 16. Nf7+ 1-0

[Event "ODJM A 2017"]
[Site "Willingen GER"]
[Date "2017.06.04"]
[Round "1"]
[White "von Pückler, Konstantin"]
[Black "Fromm, Johannes"]
[Result "1/2-1/2"]
[Termination "normal"]
[Board "69"]
[WhiteElo "1525"]
[BlackElo "1636"]
[PlyCount "91"]
[WhiteFideId "16205847"]
[BlackFideId "12993204"]
[EventCountry "GER"]
[EventRounds "9"]
[EventType "swiss"]
[EventDate "2017.06.03"]

1. e4 c5 2. Nf3 d6 3. Bb5+ Nd7 4. O-O Ngf6 5. Re1 a6 6. Bxd7+ Bxd7 7. h3 g6 8.
c3 Bg7 9. d4 cxd4 10. cxd4 O-O 11. Nc3 Rc8 12. Be3 b5 13. a3 a5 14. Qd3 b4 15.
axb4 axb4 16. Na2 Qb6 17. Bd2 b3 18. Nc3 Ra8 19. Bg5 Bc6 20. d5 Bb7 21. Be3 Ba6
22. Qd1 Qb7 23. Nd4 Bc4 24. f3 Rxa1 25. Qxa1 Ra8 26. Qd1 Nd7 27. Qd2 Ne5 28.
Nc6 Nxc6 29. dxc6 Qxc6 30. Bd4 f6 31. Nd5 Bxd5 32. exd5 Qxd5 33. Rxe7 Kf8 34.
Qe3 Rd8 35. Rxg7 Re8 36. Qh6 Qxd4+ 37. Kh2 Qe5+ 38. Kg1 Qe1+ 39. Kh2 Qe5+ 40.
Kg1 Qe3+ 41. Qxe3 Rxe3 42. Rb7 Rd3 43. Kf1 h5 44. Ke2 Rd5 45. Rxb3 Ke7 46. Re3+
1/2-1/2

[Event "ODJM A 2017"]
[Site "Willingen GER"]
[Date "2017.06.04"]
[Round "1"]
[White "Rudolph, Eva"]
[Black "Hungeling, David"]
[Result "1-0"]
[Termination "normal"]
[Board "70"]
[WhiteElo "1679"]
[BlackElo "1482"]
[PlyCount "101"]
[WhiteFideId "16200594"]
[BlackFideId "16222440"]
[EventCountry "GER"]
[EventRounds "9"]
[EventType "swiss"]
[EventDate "2017.06.03"]

1. e4 e6 2. d4 d5 3. Nd2 c5 4. c3 Nc6 5. Ngf3 Qb6 6. exd5 exd5 7. Bd3 cxd4 8.
Nxd4 Nxd4 9. cxd4 Qxd4 10. Bb5+ Bd7 11. Bxd7+ Kxd7 12. O-O Nf6 13. Qb3 Qb4 14.
Qd3 Qd6 15. Nf3 h6 16. Qb5+ Kc7 17. Be3 Qd7 18. Rac1+ Kd8 19. Qa5+ Ke8 20. Rfe1
Ne4 21. Rc7 Bb4 22. Qxb4 Qxc7 23. Rc1 Qd7 24. Ne5 Qe7 25. Qb5+ Kf8 26. Qxd5 Re8
27. Qxe4 Qxe5 28. Qxe5 Rxe5 29. Rc8+ Re8 30. Bc5+ Kg8 31. Rxe8+ Kh7 32. Rxh8+
Kxh8 33. Bxa7 g6 34. Kf1 Kg7 35. Ke2 Kf6 36. Kd3 Ke5 37. Kc4 Ke4 38. f3+ Kf4
39. b4 f5 40. a4 g5 41. a5 g4 42. fxg4 fxg4 43. b5 h5 44. Bb8+ Ke3 45. Bg3 Ke2
46. a6 bxa6 47. bxa6 Kf1 48. a7 Kxg2 49. a8=Q+ Kh3 50. Qf8 h4 51. Qf1# 1-0

[Event "ODJM A 2017"]
[Site "Willingen GER"]
[Date "2017.06.04"]
[Round "1"]
[White "Ebeling, Leander"]
[Black "Schneider, Edward"]
[Result "1-0"]
[Termination "normal"]
[Board "71"]
[WhiteElo "1630"]
[BlackElo "1675"]
[PlyCount "53"]
[WhiteFideId "16223179"]
[BlackFideId "16200870"]
[EventCountry "GER"]
[EventRounds "9"]
[EventType "swiss"]
[EventDate "2017.06.03"]

1. c4 c5 2. Nf3 Nf6 3. d4 cxd4 4. Nxd4 Nc6 5. Nc3 a6 6. e4 d6 7. Be2 e6 8. O-O
Be7 9. Kh1 O-O 10. f4 Bd7 11. Nf3 Qc7 12. a3 Rac8 13. b4 b6 14. Be3 Rb8 15. Rc1
Rfe8 16. h3 Nh5 17. Qe1 g6 18. g4 Ng7 19. Qg3 Qb7 20. g5 Bd8 21. Nh2 Bc7 22.
Ng4 Re7 23. Nf6+ Kh8 24. Qh4 Nh5 25. Bxh5 gxh5 26. Qxh5 h6 27. Qxh6# 1-0

[Event "ODJM A 2017"]
[Site "Willingen GER"]
[Date "2017.06.04"]
[Round "1"]
[White "Hetzner, Hannes"]
[Black "von Freymann, Franz"]
[Result "1-0"]
[Termination "normal"]
[Board "72"]
[WhiteElo "1602"]
[BlackElo "1643"]
[PlyCount "43"]
[WhiteFideId "16211936"]
[BlackFideId "12994014"]
[EventCountry "GER"]
[EventRounds "9"]
[EventType "swiss"]
[EventDate "2017.06.03"]

1. e4 c5 2. Nf3 d6 3. d4 cxd4 4. Nxd4 Nf6 5. Nc3 g6 6. Be3 Bg7 7. f3 O-O 8. Bc4
Nc6 9. Qd2 Bd7 10. h4 Rc8 11. Bb3 Nxd4 12. Bxd4 a5 13. h5 e5 14. Be3 Nxh5 15.
g4 Nf6 16. Bh6 Bc6 17. Bxg7 Kxg7 18. Qh6+ Kg8 19. O-O-O b5 20. f4 Qb6 21. f5
Kh8 22. Rxd6 1-0

[Event "ODJM A 2017"]
[Site "Willingen GER"]
[Date "2017.06.04"]
[Round "1"]
[White "Franz, Franz Theodor"]
[Black "Kostanyan, Hakob"]
[Result "0-1"]
[Termination "normal"]
[Board "73"]
[WhiteElo "1341"]
[BlackElo "1737"]
[PlyCount "76"]
[WhiteFideId "12992674"]
[BlackFideId "12977683"]
[EventCountry "GER"]
[EventRounds "9"]
[EventType "swiss"]
[EventDate "2017.06.03"]

1. e4 e5 2. Nf3 Nc6 3. Bc4 Bc5 4. O-O Nf6 5. d4 Bxd4 6. Nxd4 Nxd4 7. Nc3 d6 8.
Bg5 Ne6 9. Bh4 Bd7 10. Nd5 g5 11. Nxf6+ Qxf6 12. Bg3 h5 13. h3 O-O-O 14. f3 Nf4
15. Bxf4 gxf4 16. Rf2 Rdg8 17. Kh1 Qh4 18. Qf1 Rg3 19. Kh2 Rhg8 20. Re2 R8g7
21. Rd1 f5 22. Bd3 fxe4 23. Bxe4 Rxh3+ 24. gxh3 Rg3 25. Kh1 Rxh3+ 26. Qxh3
Qxh3+ 27. Rh2 Qe6 28. Rxh5 c6 29. b3 d5 30. Bd3 e4 31. fxe4 dxe4 32. Bc4 Qg4
33. Rh8+ Kc7 34. Rf1 f3 35. Rg8 Qh3+ 36. Kg1 b5 37. Bd3 Bg4 38. Bxe4 Qg2# 0-1

[Event "ODJM A 2017"]
[Site "Willingen GER"]
[Date "2017.06.04"]
[Round "1"]
[White "Noever, Niklas"]
[Black "Lilienthal, Niels Bennett"]
[Result "1-0"]
[Termination "normal"]
[Board "74"]
[WhiteElo "1628"]
[BlackElo "1567"]
[PlyCount "97"]
[WhiteFideId "12988642"]
[BlackFideId "16205421"]
[EventCountry "GER"]
[EventRounds "9"]
[EventType "swiss"]
[EventDate "2017.06.03"]

1. d4 Nf6 2. Nf3 g6 3. Bf4 Bg7 4. e3 O-O 5. Be2 d6 6. h3 Nbd7 7. Nbd2 c5 8. c3
b6 9. a4 Bb7 10. Nc4 Ne4 11. O-O Rc8 12. Re1 Re8 13. Qb3 d5 14. Nce5 c4 15. Qc2
f6 16. Nxd7 Qxd7 17. Nd2 Nxd2 18. Qxd2 Qe6 19. Bf3 f5 20. g4 Qf7 21. gxf5 gxf5
22. Qe2 Rf8 23. Kh2 Rc6 24. Bh5 Qe6 25. Rg1 Kh8 26. Rxg7 Kxg7 27. Rg1+ Kh8 28.
Be5+ Rf6 29. Qf3 Rc8 30. Qg2 Rg8 31. Qxg8+ Qxg8 32. Rxg8+ Kxg8 33. Bxf6 exf6
34. Kg3 Bc8 35. Bf3 Be6 36. h4 h6 37. Kf4 Kf7 38. Bh5+ Kg7 39. Be8 a5 40. h5
Bc8 41. Bg6 Bd7 42. Bxf5 Bxa4 43. Be6 Bc6 44. e4 dxe4 45. Bxc4 Bd7 46. Be2 Kf7
47. Kxe4 Ke7 48. Kd5 f5 49. Ke5 1-0

[Event "ODJM A 2017"]
[Site "Willingen GER"]
[Date "2017.06.04"]
[Round "1"]
[White "Jenner, Meikel"]
[Black "Verhufen, Hendrik"]
[Result "0-1"]
[Termination "normal"]
[Board "75"]
[WhiteElo "1464"]
[BlackElo "1408"]
[PlyCount "88"]
[WhiteFideId "16245342"]
[BlackFideId "12975818"]
[EventCountry "GER"]
[EventRounds "9"]
[EventType "swiss"]
[EventDate "2017.06.03"]

1. e4 e5 2. Nc3 Nf6 3. f4 Nc6 4. Nf3 d6 5. Bc4 Bg4 6. h3 Bxf3 7. Qxf3 Nd4 8.
Qd1 c6 9. d3 Be7 10. Ne2 Nxe2 11. Qxe2 O-O 12. O-O d5 13. exd5 cxd5 14. Bb3 e4
15. Re1 Qb6+ 16. Kh1 Bc5 17. c3 Bf2 18. Rf1 e3 19. d4 Rfe8 20. Bc2 Ne4 21. Bxe4
Rxe4 22. b3 Qa6 23. c4 Rc8 24. Bb2 dxc4 25. Rxf2 exf2 26. Qxe4 c3 27. Bxc3
f1=Q+ 28. Rxf1 Qxf1+ 29. Kh2 h6 30. Bb4 Qf2 31. a3 Rc2 32. Qe8+ Kh7 33. Qe4+ g6
34. Bd6 Rc6 35. Qe7 Qxd4 36. Be5 Qd5 37. Qf8 f6 38. Qe7+ Kg8 39. Qe8+ Kg7 40.
Qe7+ Qf7 41. Qxf7+ Kxf7 42. Bd4 a6 43. h4 Ke6 44. b4 Rc4 0-1

[Event "ODJM A 2017"]
[Site "Willingen GER"]
[Date "2017.06.04"]
[Round "1"]
[White "Zell, Mirjam"]
[Black "Seinsoth, Paul"]
[Result "1-0"]
[Termination "normal"]
[Board "76"]
[WhiteElo "1669"]
[BlackElo "1455"]
[PlyCount "39"]
[WhiteFideId "16208544"]
[BlackFideId "12994634"]
[EventCountry "GER"]
[EventRounds "9"]
[EventType "swiss"]
[EventDate "2017.06.03"]

1. e4 c5 2. Nf3 Nc6 3. d4 cxd4 4. Nxd4 Nf6 5. Nc3 d6 6. Bc4 e6 7. Be3 Be7 8. f3
O-O 9. Qd2 a6 10. a3 Bd7 11. g4 b5 12. Bb3 Na5 13. Ba2 Qc7 14. h4 Nc4 15. Bxc4
Qxc4 16. h5 Ne8 17. g5 g6 18. Qh2 Ng7 19. hxg6 h5 20. gxh6 1-0

[Event "ODJM A 2017"]
[Site "Willingen GER"]
[Date "2017.06.04"]
[Round "1"]
[White "Svane, Freja"]
[Black "Kögel, Josef"]
[Result "0-1"]
[Termination "normal"]
[Board "77"]
[WhiteElo "1446"]
[BlackElo "1569"]
[PlyCount "64"]
[WhiteFideId "12940100"]
[BlackFideId "16237641"]
[EventCountry "GER"]
[EventRounds "9"]
[EventType "swiss"]
[EventDate "2017.06.03"]

1. d4 Nf6 2. c4 g6 3. Nc3 d5 4. Nf3 Bg7 5. e3 O-O 6. b3 c5 7. Bb2 dxc4 8. bxc4
Bf5 9. Be2 Qc7 10. O-O Rd8 11. h3 Nbd7 12. Rc1 Rac8 13. Qb3 b6 14. Nb5 Qb7 15.
Rfd1 Ne4 16. Nc3 Ndf6 17. Bd3 cxd4 18. exd4 Nd6 19. Be2 Rc7 20. Nb5 Nxb5 21.
Qxb5 Ne4 22. Bd3 Nd6 23. Qb3 Bxd3 24. Qxd3 Rdc8 25. Nd2 Qa6 26. Rc2 Nxc4 27.
Rdc1 b5 28. a3 Nxb2 29. Qb3 Rxc2 30. Rxc2 Rxc2 31. Qxc2 Qxa3 32. Qc8+ Bf8 0-1

[Event "ODJM A 2017"]
[Site "Willingen GER"]
[Date "2017.06.04"]
[Round "1"]
[White "Gallasch, Robin"]
[Black "Khanbekyan, Areg"]
[Result "1-0"]
[Termination "normal"]
[Board "78"]
[WhiteElo "1562"]
[BlackElo "1647"]
[PlyCount "59"]
[WhiteFideId "16222423"]
[BlackFideId "12993727"]
[EventCountry "GER"]
[EventRounds "9"]
[EventType "swiss"]
[EventDate "2017.06.03"]

1. d4 Nf6 2. c4 e6 3. Nf3 b6 4. g3 Bb7 5. Bg2 Be7 6. Nc3 O-O 7. O-O d5 8. Qa4
Nbd7 9. Rd1 c5 10. Bg5 Rc8 11. cxd5 cxd4 12. Nxd4 exd5 13. Bxf6 Bxf6 14. e3 Nc5
15. Qc2 Re8 16. Rac1 Qd7 17. Qf5 Red8 18. Qxd7 Rxd7 19. Bh3 Ne6 20. Nxe6 fxe6
21. Bxe6+ Kf8 22. Bxd7 Rd8 23. Be6 d4 24. exd4 Rxd4 25. Rxd4 Bxd4 26. Nb5 Bxb2
27. Rc7 Ba6 28. Rf7+ Ke8 29. Nd6+ Kd8 30. Rd7# 1-0

[Event "ODJM A 2017"]
[Site "Willingen GER"]
[Date "2017.06.04"]
[Round "1"]
[White "Unbehend, Marius"]
[Black "Gutschenreiter, Donato"]
[Result "0-1"]
[Termination "normal"]
[Board "79"]
[WhiteElo "1391"]
[BlackElo "1701"]
[PlyCount "74"]
[WhiteFideId "16214420"]
[BlackFideId "12975540"]
[EventCountry "GER"]
[EventRounds "9"]
[EventType "swiss"]
[EventDate "2017.06.03"]

1. e4 c5 2. Nc3 d6 3. f4 Nf6 4. Bb5+ Bd7 5. Bc4 Nc6 6. d3 a6 7. a4 g6 8. Nf3
Bg7 9. O-O O-O 10. Qe1 Nb4 11. Bb3 e6 12. f5 exf5 13. Qh4 Qb6 14. Kh1 Nxd3 15.
Bxf7+ Rxf7 16. cxd3 Nh5 17. exf5 Bxc3 18. bxc3 Bxf5 19. Ng5 Rff8 20. g4 Qc6+
21. Kg1 Bxd3 22. Rxf8+ Rxf8 23. Be3 Nf6 24. Qh6 Qd7 25. h3 Nd5 26. Bd2 Re8 27.
Rf1 Bxf1 28. Kxf1 Qg7 29. Qxg7+ Kxg7 30. Kf2 Nb6 31. a5 Nc4 32. Bf4 h6 33. Nf3
Rf8 34. Kg3 g5 35. Bxg5 Rxf3+ 36. Kxf3 hxg5 37. Ke4 Nxa5 0-1

[Event "ODJM A 2017"]
[Site "Willingen GER"]
[Date "2017.06.04"]
[Round "1"]
[White "Rupp, Andreas"]
[Black "Hoppe, Nico"]
[Result "0-1"]
[Termination "normal"]
[Board "80"]
[WhiteElo "1672"]
[BlackElo "1583"]
[PlyCount "57"]
[WhiteFideId "16225503"]
[BlackFideId "16225520"]
[EventCountry "GER"]
[EventRounds "9"]
[EventType "swiss"]
[EventDate "2017.06.03"]

1. e4 c6 2. Nf3 d5 3. exd5 cxd5 4. Ne5 Nf6 5. d4 e6 6. c3 Bd6 7. Bf4 O-O 8. Bd3
Qb6 9. Qc2 Nbd7 10. O-O h6 11. Nd2 Nh5 12. Be3 Qc7 13. f4 f5 14. Be2 Nhf6 15.
Rf3 Ne4 16. Kh1 Ndf6 17. Rg1 b6 18. g4 Bxe5 19. fxe5 Nxg4 20. h3 Nxe3 21. Rxe3
Kh8 22. Bh5 Qe7 23. Nxe4 dxe4 24. Rg6 Bd7 25. Reg3 Rg8 26. Qd2 Kh7 27. Qg2 Bc6
28. Re3 Be8 29. Rxh6+ 0-1